10 longest rivers in Serbia - Statistics

General Stats
  • This quiz has been taken 15 times
  • The average score is 6 of 10
Answer Stats
Hint Answer % Correct
206 km Sava
100%
558 km Danube / Dunav
90%
316 km Južna Morava
70%
185 km Velika Morava
70%
308 km Zapadna Morava
70%
220 km Drina
60%
164 km Tisa
60%
272 km Ibar
40%
118 km Tamiš
20%
202 km Timok
20%
No matching quizzes found
Score Distribution
Percent of People with Each Score
Percentile by Number Answered
Your Score History
You have not taken this quiz